000 00632nam a2200217Ia 4500
005 20250508170140.0
008 008 250505s9999 xx 000 0 eng d
020 _a978-0-8077-4686-8
037 _aReference
040 _aFEDL
_beng
_cFEDL
041 _aeng
_2eng
084 _a155.2, MRO/R
_qFEDL
100 _aMeoxzek Daniel K Ed.
_9783217
245 0 _aHandbook of personality development
260 _aNew Jeresy, USA
_bLawrence Erlbaum Associates
_c2021
300 _ax, 528p.
365 _aINR
_b2600
700 _a Little Todd D Ed.
_9783218
942 _cREF
_h155.2, MRO/R
999 _c1399465
_d1399465